Estatísticas para 10 perguntas sobre o mundo

Clique aqui para jogar o quiz

Estatísticas Gerais

  • Esse quiz foi jogado 192 vezes
  • A pontuação média é 7 de 10

Estatísticas das Respostas

QuestãoResposta% Correto
Sabendo que técnicamente Inglaterra não é país, qual é o país da Inglaterra?Reino Unido
99%
A nossa mais venenosa Austrália, fica em que continente?Oceania
95%
O menor país do mundo fica em qual continente?Europa
87%
O nosso planeta terra, tem quantos países e quantos continentes?196 países e 6 continentes
86%
O continente Africano tem quantos países?54 países
80%
Quantos países fazem fronteira com o brasil?10 países
57%
O maior país do mundo fica em qual continente?Europa
56%
O youtuber que tem a maior quantidade de inscritos, é de que país?Suécia
53%
Existem quantos países no mundo que começam com a letra "k"?Três países
30%
Qual é mais distante do Brasil?Filipinas
28%

Distribuição das Pontuações

Percentil de Números Respondidos

Porcentagem de Pessoas com Cada Pontuação

Sua Pontuação Histórica

Você não jogou esse quiz